000 02592cam a22004817a 4500
003 CHAP
005 20220329142329.0
008 000725s1999 us a r 00010 eng d
010 _a81834
011 _a82806
022 0 _a0085-8315
035 _a93310
040 _cCHAP
090 _aFolleto 14781
110 1 _aPopulation Reference Bureau Inc. Washington
_990915
245 1 0 _aCuadro de la población mundial:
_bdatos y cálculos demográficos sobre los países y regiones del mundo
_c/por Population Reference Bureau Inc. Washington
246 3 _aCuadro de la población mundial:
_bdatos y estimaciones demográficas de los países y regiones del mundo
246 3 _aCuadro de la población mundial:
_bdatos y estimaciones demográficas para las regiones y países del mundo
260 _aWashington, D.C. :
_bPopulation Reference Bureau,
_c1996-
300 _av.
500 _ala biblioteca tiene: 1996 (hoja plegable), 1998 (v.1 folleto, v.2 hoja plegable.), 1999 (v.1 folleto, v.2 hoja desplegable.), 2000 (v.1 folleto, v.2 hoja plegable.), 2001, 2002 (hoja plegable), 2004 (hoja plegable), 2005 (hoja plegable), 2006 (hoja plegable), 2010 (hoja plegable)
590 _aBATCH-UPD
_b10
_c20130110
_lUCH01
_h2133
590 _aBATCH-UPD
_b10
_c20130410
_lUCH01
_h1442
590 _aBATCH-UPD
_b10
_c20130914
_lUCH01
_h1924
590 _aCONVERSION
_b10
_c20130109
_lUCH01
_h1345
650 1 4 _aPoblación
_xEstadísticas.
_989369
901 _aBK
905 _aLilia Sánchez G.
942 _cFOLL
949 _aFolleto 14781
_bBC
_cFOLL
_d33724002029165
_eTS1
_f2006
_gDonaciØn
_i93310
_sb
949 _aFolleto 14781
_bBC
_cFOLL
_d33724002036462
_eTS1
_f2004
_gDonaciØn
_i93310
_sb
949 _aFolleto 14781
_bBC
_cFOLL
_d33724002078347
_eTS1
_f2005
_gDonaciØn
_i93310
_sb
949 _aFolleto 14781
_bBC
_cFOLL
_d33724002228967
_eTS1
_f2010
_i93310
_sb
949 _aFolleto 14781
_bBC
_cFOLL
_d33724002334066
_eTS1
_f2000 v.2
_i93310
_sb
949 _aFolleto 14781
_bBC
_cFOLL
_d33724002334074
_eTS1
_f2000 v.1
_i93310
_sb
949 _aFolleto 14781
_bBC
_cFOLL
_d33724002334082
_eTS1
_f2002
_gDonaciØn
_i93310
_sb
949 _aFolleto 14781
_bBC
_cFOLL
_d93310
_eTS1
_f1996
_gDonaciØn
_i93310
_sb
949 _aFolleto 14781
_bBC
_cFOLL
_d933102
_eTS1
_f1998 v.1
_gDonaciØn
_i93310
_sb
949 _aFolleto 14781
_bBC
_cFOLL
_d93310225
_eTS1
_f2001
_gDonaciØn
_i93310
_sb
949 _aFolleto 14781
_bBC
_cFOLL
_d933103
_eTS1
_f1998 v.2
_gDonaciØn
_i93310
_sb
949 _aFolleto 14781
_bBC
_cFOLL
_d933104
_eTS1
_f1999 v.1
_gDonaciØn
_i93310
_sb
949 _aFolleto 14781
_bBC
_cFOLL
_d933105
_eTS1
_f1999 v.2
_gDonaciØn
_i93310
_sb
999 _c81834
_d81834